000 00792nam a22002177a 4500
003 0
005 20250926140242.0
008 250926b xxu||||| |||| 00| 0 eng d
020 _a978-1-03-285800-5
050 _aLB 2369
_b.D87 2025
100 _aDurkin, Diane Bennett,
_eauthor.
245 _aDissertation practice :
_ba journal for learning /
_cDiane Bennett Durkin.
260 _aNew York, NY :
_bRoutledge,
_c2025.
300 _axii, 186 pages ;
_c24 cm.
504 _aIncludes bibliographical references.
650 _aDissertations, Academic
_xAuthorship.
650 _aAcademic writing
_xStudy and teaching (Higher).
650 _aReport writing
_xStudy and teaching (Higher education).
650 _aResearch
_xMethodology
_vStudy and teaching (Higher education).
942 _2lcc
_cBK
999 _c368112
_d368112